000 00442nam a2200181Ia 4500
003 GCL
008 140319s9999 xx 000 0 eng d
040 _aGCL /
_cGCL
082 0 4 _a410
_bG D
100 1 _aGRUNDY, PETER
245 1 0 _aDOING PRAGMATICS /
_cGRUNDY, PETER
260 _a[S.N] :
_bEDWARD ARNOLD ،
_c1995
300 _a216 P
650 0 4 _aLINGUISTICS
650 0 4 _aENGLISH LANGUAGE
650 0 4 _aPRAGMATICS
942 _2ddc
_cBK
999 _c13930
_d13930